Confirmed Transfers 2020-2021 - Statistics

General Stats
  • This quiz has been taken 42 times
  • The average score is 8 of 11
Answer Stats
From To Fee Player % Correct
Leipzig Chelsea 53M Timo Werner
95%
Juventus Barcelona 60M Miralem Pjanic
92%
Barcelona Juventus 72M Arthur
89%
Manchester City Bayern 54M Leroy Sane
87%
Ajax Chelsea 40M Hakim Ziyech
84%
Inter PSG 50M Mauro Icardi
79%
Real Madrid Inter 40M Achraf Hakimi
76%
Chelsea Atletico Madrid 56M Alvaro Morata
71%
Real Betis Spurs 32M Giovani Lo Celso
66%
Braga Barcelona 31M Trincao
58%
Chelsea Atalanta 15M Mario Pasalic
39%
No matching quizzes found
Score Distribution
Percent of People with Each Score
Percentile by Number Answered
Your Score History
You have not taken this quiz